| 000 | 00543cam a22002171 4500 | ||
|---|---|---|---|
| 001 | sa 64008063 | ||
| 003 | DLC | ||
| 005 | 20260227112052.0 | ||
| 008 | 890602s1963 ii 000 0 kano | ||
| 010 | _asa 64008063 | ||
| 035 | _a(OCoLC)19806137 | ||
| 040 |
_aDLC _cWaU _dDLC |
||
| 042 | _apremarc | ||
| 050 | 0 | 0 |
_aML410.S8 _bA8 |
| 100 | 2 | _aAśvatthanārāyaṇa Reḍḍi, G. | |
| 245 | 1 | 0 | _aSrī Purandaradāsaru. |
| 260 | _c[1963] | ||
| 300 |
_avi, 217 p. _c19 cm. |
||
| 500 | _aIn Kannada. | ||
| 600 | 0 | 0 |
_aPurandaradāsa, _d1484-1564. |
| 999 |
_c60665 _d60665 |
||